Villes du Cher par arrondissement - Statistiques

Statistiques générales
  • Ce quiz a été pris 33 fois
  • Le résultat moyen est 8 sur 15
Statistiques - réponses
Ville Population % Correct
Bourges 63 702
96%
Saint-Amand-Montrond 9 459
96%
Vierzon 25 348
96%
Saint-Doulchard 9 645
65%
Mehun-sur-Yèvre 6 448
61%
Aubigny-sur-Nère 5 476
52%
Saint-Florent-sur-Cher 6 419
48%
Saint-Germain-du-Puy 4 924
43%
Dun-sur-Auron 3 572
39%
Sancoins 2 930
39%
Trouy 4 005
39%
Châteaumeillant 1 703
35%
La Guerche-sur-l'Aubois 3 262
26%
Vignoux-sur-Barangeon 2 095
26%
Méreau 2 644
13%
Aucun quiz correspondant
Distribution des résultats
% des personnes avec chaque résultat
Percentile par nombre de réponses
Votre historique - résultats
Vous n’avez pas pris ce quiz